Представление документа в формате RUSMARC

ПолеНазваниеЗначение
  Тип записи a
  Библиографический уровень m
001 Контрольный номер RU/УОНБ/EK_N/346246957
005 Дата корректировки 20220304200408.4
010 Индекс ISBN __
9 Тираж 5000 экз.
013 Номер (ISMN) __
d Цена 142 р.
100 Данные общей обработки __
a Данные общей обработки 20101221g2007 |||y0rusy0189||||ca
101 Язык документа 0_
a Язык текста rus
102 Страна публикации __
a Страна публикации RU
105 Кодированные данные (монография) __
a Кодированные данные (монография) y###||||000|y
200 Заглавие и сведения об ответственности 1_
a Заглавие Вып. 2
210 Выходные данные __
d Дата издания 2007
215 Физическое описание __
a Объем 142 c.
461 Уровень набора _0
1 001RU/УОНБ/EK_N/346246596
1 200
a Хиты под гитару
e уч.-метод. пособ. по акком. и пению под шестиструн. гитару
f Б. М. Павленко
v Вып. 2
1 205
a 3-е изд.
1 210
a Ростов-на-Дону
c Феникс
d 2007
1 225
a Любимые мелодии
686 Индексы других классификаций __
a Классификационный индекс 85.956.41я43
2 Код системы rubbk
801 Источник записи _0
a Страна RU
b Организация Ульяновская ОНБ
c Дата составления 20101221
g Правила каталогизации RCR
801 Источник записи _1
a Страна RU
b Организация IS
c Дата составления 20101221
g Правила каталогизации RCR
901 Тип документа __
t Тип документа n
w Контрольный № источника RU/УОНБ/EK_N/346246596
938 Служебная информация __
a Имя БД noti
b Имя библиотеки УОНБ
c Имя АИБС МАРК-SQL
d Номер DOC_ID в БД 8152